Súčasné somálske pirátstvo - osobitosti a príčiny

Somálske pirátstvo ako kľúčový determinant vývoja svetového námorného pirátstva, ktoré sa v súčasnosti opäť stáva fenoménom. Podstata somálskeho pirátstva, vývojové tendencie somálskeho pirátstva, veľkosť dotknutého teritória a vysoká organizovanosť útokov. Príčiny súčasného stavu - vnútroštátna sit...

Ausführliche Beschreibung

Gespeichert in:
Bibliographische Detailangaben
1. Verfasser: Pajtinka, Viliam
Format: Buchkapitel
Sprache:Slowakisch
Schlagworte:
Tags: Tag hinzufügen
Keine Tags, Fügen Sie das erste Tag hinzu!

MARC

LEADER 00000nla$a2200000$$$4500
001 0145399
005 20240502072621.1
041 0 |a slo 
044 |a SK 
245 1 0 |a Súčasné somálske pirátstvo - osobitosti a príčiny  |c Viliam Pajtinka 
520 |a Somálske pirátstvo ako kľúčový determinant vývoja svetového námorného pirátstva, ktoré sa v súčasnosti opäť stáva fenoménom. Podstata somálskeho pirátstva, vývojové tendencie somálskeho pirátstva, veľkosť dotknutého teritória a vysoká organizovanosť útokov. Príčiny súčasného stavu - vnútroštátna situácia Somálska, potenciálne exogénne faktory. 
610 2 0 |a doprava námorná 
610 2 0 |a činnosť trestná 
610 2 0 |a kriminalita 
610 2 0 |a Somálsko 
100 1 |a Pajtinka, Viliam